000 00288 a2200121 4500
000 nam a22 7a 4500
005 20260224142403.0
020 _a9789369449415
100 _aAllison Busch
_91116547
245 _aKesav Sunhu Prabeen
260 _bVani Prakashan
_c2025
942 _cTEXL
999 _c1680135
_d1680135